Wszystkie Drużyny La Ligi - Statystyki

Ogólne statystyki
  • Ten quiz został rozwiązany 89 razy
  • Średni wynik to 13 z 20
Statystyki odpowiedzi
Klub % Poprawnych
Real Madryt
98%
FC Barcelona
95%
Atletico
89%
Valencia
85%
Sevilla
83%
Real Sociedad
79%
Athletic
77%
Villarreal
77%
Real Betis
72%
Mallorca
65%
Espanyol
63%
Getafe
63%
Deportivo Alaves
56%
Levante
56%
Real Valladolid
49%
Eibar
46%
Celta Vigo
44%
Granada
44%
Leganes
40%
Osasuna
36%
Nie znaleziono quizów pasujących do podanych kryteriów
Rozkład punktacji
Procent ludzi z każdym wynikiem
Percentyl według liczby udzielonych odpowiedzi
Twoja historia wyników
Nie rozwiązałeś tego quizu